Los canarios en la Venezuela colonial (1670-1810) / (Record no. 179626)
[ view plain ]
| 000 -LEADER | |
|---|---|
| campo de control de longitud fija | 01124nam a2200313 i 4500 |
| 001 - NÚMERO DE CONTROL | |
| campo de control | 179626 |
| 003 - IDENTIFICADOR DE NÚMERO DE CONTROL | |
| campo de control | ES-MaACL |
| 005 - FECHA Y HORA DE LA ÚLTIMA TRANSACCIÓN | |
| campo de control | 20230922180938.0 |
| 008 - DATOS DE LONGITUD FIJA--INFORMACIÓN GENERAL | |
| campo de control de longitud fija | 111226s2008 sp |||| |cspa d |
| 020 ## - NÚMERO INTERNACIONAL ESTÁNDAR DEL LIBRO | |
| Número Internacional Estándar del Libro | 978-980-6741-65-2 |
| 080 ## - NÚMERO DE LA CLASIFICACIÓN DECIMAL UNIVERSAL | |
| Número de la Clasificación Decimal Universal | 929(=1.460.41:87)"16/18" |
| 080 ## - NÚMERO DE LA CLASIFICACIÓN DECIMAL UNIVERSAL | |
| Número de la Clasificación Decimal Universal | 987"1528/1810" |
| 100 1# - ENTRADA PRINCIPAL--NOMBRE DE PERSONA | |
| Nombre de persona | Hernández González, Manuel. |
| 9 (RLIN) | 62950 |
| 245 14 - MENCIÓN DEL TÍTULO | |
| Título | Los canarios en la Venezuela colonial (1670-1810) / |
| Mención de responsabilidad, etc. | Manuel Hernández González ; presentación, Tomás Straka. |
| 250 ## - MENCION DE EDICION | |
| Mención de edición | Ed. rev. y amp. |
| 260 ## - PUBLICACIÓN, DISTRIBUCIÓN, ETC. | |
| Lugar de publicación, distribución, etc. | [Tenerife] : |
| Nombre del editor, distribuidor, etc. | bid & co., |
| Fecha de publicación, distribución, etc. | 2008. |
| 300 ## - DESCRIPCIÓN FÍSICA | |
| Extensión | 601 p. ; |
| Dimensiones | 21 x 12 cm. |
| 490 1# - MENCIÓN DE SERIE | |
| Mención de serie | Colección histórica ; |
| Designación de volumen o secuencia | 6 |
| 500 ## - NOTA GENERAL | |
| Nota general | Glosario. |
| 500 ## - NOTA GENERAL | |
| Nota general | Índice. |
| 504 ## - NOTA DE BIBLIOGRAFÍA, ETC. | |
| Nota de bibliografía, etc. | Bibliografía: p. 544-555. |
| 650 07 - PUNTO DE ACCESO ADICIONAL DE MATERIA--TÉRMINO DE MATERIA | |
| Término de materia o nombre geográfico como elemento de entrada | Canarios- |
| Subdivisión general | América española. |
| 9 (RLIN) | 10715 |
| 651 #7 - PUNTO DE ACCESO ADICIONAL DE MATERIA--NOMBRE GEOGRÁFICO | |
| Nombre geográfico | Venezuela- |
| Subdivisión general | Historia- |
| Subdivisión cronológica | 1528-1810, Época colonial. |
| 9 (RLIN) | 148859 |
| 700 1# - ENTRADA AGREGADA--NOMBRE PERSONAL | |
| Nombre de persona | Straka, Tomás. |
| 9 (RLIN) | 148860 |
| 830 0# - PUNTO DE ACCESO ADICIONAL DE SERIE-TÍTULO UNIFORME | |
| Título uniforme | Colección histórica ; |
| Designación de volumen o secuencia | 6 |
| 9 (RLIN) | 191120 |
| 852 ## - LOCALIZACIÓN | |
| Ubicación | ES-MaACL |
| Número de control de estantería | A-11770 |
| itemnumber | 186523 |
| Sublocalización o colección | R.146561 |
| Ubicación en estantería | Depósito 1 |
| Signatura antigua | Olim: N-4775 |
| Encuadernación | Donación: Manuel Hernández González |
| 942 ## - ELEMENTOS DE ENTRADA SECUNDARIOS (KOHA) | |
| Fuente del sistema de clasificación o colocación | Clasificación decimal universal |
| Tipo de ítem Koha | Libro impreso |
| Estatus retirado | Estado de pérdida | Fuente del sistema de clasificación o colocación | Estado de daño | No para préstamo | Biblioteca de origen | Biblioteca actual | Ubicación en estantería | Fecha de adquisición | Fuente de adquisición | Total de préstamos | Signatura topográfica completa | Código de barras | Visto por última vez | Precio de reemplazo | Tipo de ítem Koha |
|---|---|---|---|---|---|---|---|---|---|---|---|---|---|---|---|
| Clasificación decimal universal | Biblioteca del Ateneo de Madrid | Biblioteca del Ateneo de Madrid | Depósito 1 | 26/12/2011 | Donación | A-11770 | 1188701 | 23/02/2023 | 23/02/2023 | Libro impreso |
